000
00244nam a2200109 4500
003
SGT
022
_a
0974-5009
245
_a
JOURNAL OF THE SCIENTIFIC SOCIETY
260
_a
NEW DELHI
_b
WOLTERS KLUWER
_c
2015
310
_a
QUATRLY
942
_2
ddc
_c
LJ
999
_c
7664
_d
7664